000 00649 a2200193 4500
005 20240516104138.0
010 _aB-759028
020 _a9788175348400
_c180.00
035 _aB-759028
037 _bGift/Unesco
082 _a320.954
100 _aBakshi P.M
_966253
245 _aThe Constitution of India /
_cP.M Bakshi
260 _a Delhi
_bUniversal Law Publishing CO. Pvt.Ltd.
_c2010
270 _aC-FF-1A, Dilkhush Industrial Estate (Near Azadpur Metro Station)G.T Karnal Road
_b Delhi
_e110033
300 _a454 p.
_c23cm (Pb)
942 _adpl
_cEN
_2ddc
_h320.954
_mBAK
999 _c202859
_d202859